Genetic diversity of cultivated tropical plants / (Record no. 20524)

000 -LEADER
fixed length control field 00716cam a22002174a 4500
020 ## - INTERNATIONAL STANDARD BOOK NUMBER
ISBN 1578082641
020 ## - INTERNATIONAL STANDARD BOOK NUMBER
ISBN 2876145413
040 ## - CATALOGING SOURCE
Transcribing agency DLC
041 1# - LANGUAGE CODE
Language code of original and/or intermediate translations of text fre
082 ## - DEWEY DECIMAL CLASSIFICATION NUMBER
Classification number 333 FAO 2013 C323 Or.1
245 10 - TITLE STATEMENT
Title Genetic diversity of cultivated tropical plants /
260 ## - PUBLICATION, DISTRIBUTION, ETC. (IMPRINT)
Place of publication Enfield, NH :
Name of publisher Science Publishers ;
Place of publication [Montpellier] :
Name of publisher Centre de coop©♭ration internationale en recherche agronomique pour le d©♭veloppement,,
Year of publication c2003
300 ## - PHYSICAL DESCRIPTION
Number of Pages xvi, 359 p. :
Other physical details ill., maps ;
Dimensions 25 cm
650 #0 - SUBJECT ADDED ENTRY--TOPICAL TERM
Topical Term Plant breeding
650 #0 - SUBJECT ADDED ENTRY--TOPICAL TERM
Topical Term Crops
650 #0 - SUBJECT ADDED ENTRY--TOPICAL TERM
Topical Term Tropical crops
700 1# - ADDED ENTRY--PERSONAL NAME
Personal name Hamon, Perla
710 2# - ADDED ENTRY--CORPORATE NAME
Corporate name or jurisdiction name as entry element CIRAD (Organization)
856 41 - ELECTRONIC LOCATION AND ACCESS
Uniform Resource Identifier http://www.loc.gov/catdir/toc/fy041/2002042940.html
942 ## - ADDED ENTRY ELEMENTS (KOHA)
Koha item type ADB
952 ## - LOCATION AND ITEM INFORMATION (KOHA)
Withdrawn status [LOCAL, KOHA] 0
Holdings
Permanent Location Date acquired Koha item type Lost status Shelving location Barcode Current Location Full call number
Library Block C2022-09-16ADB C323a069981Library Block C333 FAO 2013 C323 Or.1
មជ្ឈមណ្ឌលឯការនៃសាកលវិទ្យាល័យភូមិន្ទកសិកម្មចំការដូង

Powered by Koha